000 00639pam a2200217 a 4500
001 2050090
005 20180122075646.0
008 930209s1993 mdu 000 0 eng
010 _a 93012429
020 _a0828007268 (pbk.)
040 _aDLC
_cDLC
_dDLC
041 _aeng
080 _a248..6 EDW
082 0 0 _a248..6 EDW
_220
100 1 _a55
101 _aMAN
245 1 0 _aIt's your money isn't it? /
_cG. Edward Reid
906 _a7
_bcbc
_corignew
_d1
_eocip
_f19
_gy-gencatlg
942 _2ddc
_cBK
999 _c40669
_d40669